Ασκήσεις μακροοικονομικής θεωρίας και πολιτικής : μέρος 1

Αποθηκεύτηκε σε:
Λεπτομέρειες βιβλιογραφικής εγγραφής
Κύριος συγγραφέας: Απέργης, Νικόλαος Ε.
Μορφή: Βιβλίο
Γλώσσα:Greek
Δημοσίευση: Θεσσαλονίκη : Εκδόσεις Πανεπιστημίου Μακεδονίας, 2004.
Έκδοση:2η έκδ.
Θέματα:
Ετικέτες: Προσθήκη ετικέτας
Δεν υπάρχουν, Καταχωρήστε ετικέτα πρώτοι!

MARC

LEADER 00000cam a2200000 i 4500
001 1/88246
008 080610s2004 gr | ||| |||| ||gre||
020 |a 9608396077 (set) 
020 |a 9608396085 
035 |l 10098067 
040 |a GR-MyUA  |b gre  |e AACR2 
041 0 |a gre 
082 0 |a 339.076  |2 (22) 
100 1 |a Απέργης, Νικόλαος Ε. 
245 1 0 |a Ασκήσεις μακροοικονομικής θεωρίας και πολιτικής :   |b μέρος 1 /   |c Νικόλαος Ε. Απέργης.  
250 |a 2η έκδ.  
260 |a Θεσσαλονίκη :   |b Εκδόσεις Πανεπιστημίου Μακεδονίας,   |c 2004.  
300 |a 262 σ. :   |b διαγρ. ;   |c 24 εκ.  
650 0 0 |a Macroeconomics  |x Problems, exercises, etc. 
852 |a INST  |b SAMOS  |e 20080610  |h 339.076 ΑΠΕ  |p 005300030276  |q 005300030276  |t BK  |y 0 
901 |a BIBL3-2008-2 
909 |a Σ  |b 141552 
922 |a 3ΕΛΗ  |b 200711  |c ΕΠΕΑΕΚ2/ΤΜΗΜΑ ΜΑΘΗΜΑΤΙΚΩΝ  |d ΠΑΤΑΚΗΣ 
970 |a ΡΟΥΣΣΟΥ  |b ΚΩΝΣΤΑΝΤΙΝΑ  |z 2008/06/10